01393cpcaa2200301 a 4500001001300000003000400013005001700017008004100034010001700075040002400092072001200116100004200128245005100170300001300221506002200234520035000256545002600606546003600632580005700668600006900725600002000794610007200814651005300886651005000939651006100989656002401050999001701074mm2010085530DLC20260227111732.0100305|||||||||||| eng  amm2010085530 aDLCcDLCedacsdDLC 7aW2lcmd1 aWillard, Sylvester David,d1825-1865.00aSylvester David Willard correspondence,f1862. a1fitem.0 aOpen to research.8 aALS (1862 December 6; Albany, [N.Y.]) from Willard, while serving as medical examiner with the 98th New York Infantry Regiment, to his brother Rev. Samuel G. Willard, Willimantic, Conn. Subjects include Willard's duties as a medical examiner, upcoming military campaigns, news of mutual acquaintances, his brother's sermons, and family affairs.0 aUnion Army physician. aCollection material in English. aForms part of: Miscellaneous Manuscripts collection.10aWillard, Samuel G.q(Samuel George),d1819-1887vCorrespondence.30aWillard family.10aUnited States.bArmy.bNew York Infantry Regiment, 98th (1862-1865) 0aNew York (State)xHistoryyCivil War, 1861-1865. 0aUnited StatesxHistoryyCivil War, 1861-1865. 0aUnited StatesxHistoryyCivil War, 1861-1865xCampaigns. 7aPhysicians.2itoamc c44823d44823